000 00441nam a2200109 4500
999 _c12975
_d12975
008 190206b ||||| |||| 00| 0 eng d
245 _aInformation technology:
_bPhilippines as a business process outsourcing industry leader with faster internet speed
260 _aSan Miguel, Manila :
_bOP-Bureau of Communications Services,
_c2013-c2014.
300 _av22 n5, pages 1-6;
_c23cm.
650 _aInformation technology
_936618
942 _2ddc
_cPER